• 首页
  • 本馆介绍
  • 公告通知
  • 最新文献
  • 馆藏检索
  • 电子资源
  • 读者导购
  • 参考咨询
  • 我的图书馆
  • 登录
  • 详细信息显示
  • 放入我的书架
  • 预约/预借图书
  • 作者相关作品
  • 分类相关作品
  • 丛书相关作品
  • 出版社相关作品

书目信息

  • 表格格式
  • 工作单格式
  • 卡片格式
题名:
心情档案
    
 
作者: 曹晓岚 , 任青 主编
分册:  
出版信息: 北京   北京出版社  2001
页数: 159,63页
开本: 20cm
丛书名:
单 册:
中图分类: K825.42=76 , K825.42
科图分类:
主题词: 主持人--生平事迹--中国--现代
电子资源:
ISBN: 7-200-04261-7
000 00908nam0 2200253 450
001 1556517792
005 20150120145201.26
010    @a7-200-04261-7@dCNY20.00
100    @a20010806d2001 em y0chiy0110 ea
101 0  @achi
102    @aCN@b110000
105    @aa z 000yd
200 1  @a心情档案@9xin qing dang an@e31位魅力主持人情感告白@f曹晓岚,任青主编
210    @a北京@c北京出版社@d2001
215    @a159,63页@c照片@d20cm
330    @a本书介绍了高源、姜华、李湘、程前、吴小莉、窦文涛、胡瓜、方言、朱云、阿敏等31位广播电视主持人的生活经历、业余爱好、个性特征以及工作中的酸甜苦辣。
517 1  @a31位魅力主持人情感告白@931 wei mei li zhu chi ren qing gan gao bai
606 0  @a主持人@x生平事迹@y中国@z现代
690    @aK825.42=76@v5
690    @aK825.42@v4
701  0 @a曹晓岚@9cao xiao lan@4主编
701  0 @a任青@9ren qing@4主编
801  0 @aCN@bTSSF@c20150120
905    @aZUCC@dK825.42@eJY134
    
    心情档案:31位魅力主持人情感告白/曹晓岚,任青主编.-北京:北京出版社,2001
    159,63页:照片;20cm
    
    
    ISBN 7-200-04261-7:CNY20.00
    本书介绍了高源、姜华、李湘、程前、吴小莉、窦文涛、胡瓜、方言、朱云、阿敏等31位广播电视主持人的生活经历、业余爱好、个性特征以及工作中的酸甜苦辣。
●
相关链接 在E读中查询图书 在五车中查询图书 在当当中查询图书 在豆瓣中查询图书


正题名:心情档案     索取号:K825.42/JY134         预约/预借

序号 登录号 条形码 馆藏地/架位号 状态 备注
1 7841700   278417009   学院路分馆/ [索取号:K825.42/JY134] 在馆    
2 7849338   278493382   学院路分馆/ [索取号:K825.42/JY134] 在馆    
3 7849340   278493408   学院路分馆/ [索取号:K825.42/JY134] 在馆    
唐山师范学院图书馆 欢迎您!
大连网信软件有限公司© 版权所有